Boris / (Registro nro. 10866)

Detalles MARC
000 -LIDER
fixed length control field 00841nam a22002897a 4500
001 - NÚMERO DE CONTROL
Identificador de número de control 000386
003 - IDENTIFICACDOR DE NÚMERO DE CONTROL
control field DO-SdBNP
005 - DATE AND TIME OF LATEST TRANSACTION
control field 20180117143341.0
007 - CAMPOS FIJOS DE DESCRIPCIÓN FÍSICA
fixed length control field 000386
008 - ELEMENTOS DE LONGITUD FIJA
fixed length control field 160713b 1994 sp ||||| |||| 00| 0 spa d
020 ## - ISBN
International Standard Book Number 8427931166
040 ## - FUENTE DE CATALOGACIÓN
Agencia que crea de manera original el registro BPMSU
Idioma de catalogación spa
Agencia que realiza la transcripción BPMSU
092 ## - LOCALLY ASSIGNED DEWEY DECIMAL CALL NUMBER
Número de clasificación xxxxx
Número de ítem (Cutter) xxxx
100 1# - ASIENTO PRINCIPAL -- NOMBRE PERSONAL
Nombre personal Haar, Jaap Ter,
Fechas asociadas con el nombre 1922-
240 10 - TITULO UNIFORME
Título uniforme Boris.
Idioma de una obra Español
245 10 - MENCIÓN DE TITULO
Título Boris /
Mención de responsabilidad Jaap Ter Haar ; traducción Adriana Matons de Malagrida
250 ## - MENCIÓN DE EDICION
Mención de edición 8ª ed.
260 ## - PUBLICACIÓN, DISTRIBUCIÓN, ETC. (PIE DE IMPRENTA)
Lugar de publicación, distribución, etc Barcelona :
Nombre del editor, distribuidor, etc. Noguer,
Fecha de publicación, distribución, etc 1994.
300 ## - DESCRIPCIÓN FÍSICA
Extensión 134 p. :
Otros detalles físicos il. ;
Dimensiones 20 cm.
490 1# - MENCIÓN DE SERIES
Mención de serie Cuatro Vientos
Volume/sequential designation 15
500 ## - NOTA GENERAL
Nota general Lista de Honor del premio IBBY 1978.
700 12 - ASIENTO SECUNDARIO -- NOMBRE PERSONAL
Nombre personal Matons de Malagrida, Adriana,
Mención de responsabilidad tr.
830 #0 - ASIENTO SECUNDARIO DE SERIE--TÍTULO UNIFORME
Título uniforme Cuatro Vientos ;
Volume number/sequential designation 15
942 ## - ADDED ENTRY ELEMENTS (KOHA)
Source of classification or shelving scheme Dewey Decimal Classification
Koha item type Libros
945 ## - INFORMACIÓN DE PROCESAMIENTO LOCAL
Información de procesamiento local Inventariado, 2018 LP
956 ## - LOCAL ELECTRONIC LOCATION AND ACCESS (OCLC)
Enlace 20160713
Nombre de host LOPEREZ
Número de acceso 10
Información de compresión BPMSU
Existencias
Withdrawn status Lost status Source of classification or shelving scheme Damaged status Not for loan Collection code Home library Current library Date acquired Source of acquisition Total Checkouts Barcode Date last seen Price effective from Koha item type
    Dewey Decimal Classification     Colección General Biblioteca Pública Metropolitana Salomé Ureña Biblioteca Pública Metropolitana Salomé Ureña 07/13/2016 Donación   BPMSU16070450 07/13/2016 07/13/2016 Libros